| 000 | 00723nam a2200241 a 4500 | ||
|---|---|---|---|
| 005 | 20240625063631.0 | ||
| 008 | 991125s1999 es 000 0 spa u | ||
| 020 | _a8471124246 | ||
| 035 | _aUPN01000001514 | ||
| 049 | _aCG | ||
| 050 | 4 |
_aLB1139 L3 _bM4.2 |
|
| 100 | 1 | _aMcLane, Joan Brooks | |
| 245 | 1 | 0 |
_aAlfabetización temprana / _cJoan Brooks McLane, Gillian Dowley McNamee. |
| 260 |
_aMadrid : _bMorata, _cc1999. |
||
| 300 |
_a175 p. : _bil. |
||
| 440 | 3 |
_aEl desarrollo del niño ; _v23 |
|
| 440 | 0 | _aBruner | |
| 534 |
_pTraducción de: _tEarly literacy |
||
| 650 | 4 |
_aAdquisición del lenguaje _9220 |
|
| 650 | 4 |
_aNiños _xLenguaje _95709 |
|
| 700 | 1 |
_aMcNamee, Gillian Dowley, _d1951- , _ecoaut. |
|
| 905 | _aLibro | ||
| 999 |
_c1514 _d1514 |
||